| 000 | 01545nam a22004215b 4500 | ||
|---|---|---|---|
| 001 | 002242060 | ||
| 003 | DO-SdBNP | ||
| 005 | 20180220152728.0 | ||
| 007 | 002242060 | ||
| 008 | 950215r 1993 sp a |||| ||spa | ||
| 016 | 7 |
_a _2BPMSU |
|
| 017 |
_a _b |
||
| 020 | _a8434819392 | ||
| 035 | _a | ||
| 040 |
_aBPMSU _bspa _cBPMSU _e |
||
| 080 | 0 | _a087.5:82 | |
| 100 | 1 | _aDíaz, Gloria Cecilia | |
| 245 | 1 | 3 |
_aEl valle de los Cocuyos / _cGloria Cecilia Díaz ; ilustraciones, Francisco Meléndez _h |
| 250 | _a7ª ed. | ||
| 260 |
_aMadrid : _bSM, _c1993. |
||
| 300 |
_a123 p. : _bil.; _c20 cm |
||
| 490 |
_aEl barco de vapor. _aSerie roja _v31 |
||
| 500 | _a Premio El Barco de Vapor | ||
| 521 | _aA partir de 12 años. | ||
| 586 | _aPremio El Barco de Vapor, 1985. | ||
| 700 | 1 |
_aMeléndez, Francisco _d1964- |
|
| 830 |
_aEl barco de vapor. _pSerie roja _v31 |
||
| 942 |
_2ddc _cBK |
||
| 945 | _aInventariado, 2018/ YL | ||
| 956 |
_a VMATEO _210 _320160412 _6BPMSU _80069 |
||
| 980 |
_aM 27500-1994 _a84-348-1939-2 _aM-BN _bBNMADRID _j7/62913 _d7/190743 _cSG_RECOLET |
||
| 980 |
_aM 33972-1993 _aM-BN _bBNALCALA _jAHM/113472 _cSG_PETANTI |
||
| 980 |
_aM 40833-1995 _aM-BN _bBNALCALA _jAHM/212703 _cSG_PETANTI |
||
| 980 |
_aM 29431-2007 _a978-84-675-2085-9 (ISBN único) _aM-BN _bBNALCALA _jAHMo/288452 _cSG_PETANTI |
||
| 980 |
_aM-BN _bBNALCALA _jDL/640647 _cCONSERVACI |
||
| 980 |
_aM 40833-1995 _aM-BN _bBNALCALA _jDL/735797 _cCONSERVACI |
||
| 980 |
_aM 29431-2007 _a978-84-348-1939-9 (ISBN único) _aM-BN _bBNALCALA _jDL/1587560 _cCONSERVACI |
||
| 999 |
_c9704 _d9704 |
||